[Event "IECG CN.1998.0.00063"]
[Site "IECG email"]
[Date "1998.04.25"]
[Round "?"]
[White "Volkov, Alex N"]
[Black "Carley, Sean"]
[Result "1-0"]
[WhiteElo "800"]
[BlackElo "800"]
[PlyCount "51"]
[EventDate "1998.04.25"]
[EventType "tourn (corr)"]
[EventRounds "6"]
[SourceTitle "Corr 2008"]
[Source "ChessBase"]
[SourceDate "2008.06.24"]
[SourceVersion "1"]
[SourceVersionDate "2008.06.24"]
[SourceQuality "1"]

1. c4 c5 2. Nf3 Nc6 3. Nc3 Nf6 4. d4 cxd4 5. Nxd4 Qb6 6. e3 e6 7. Be2 Bb4 8. 0-0 Bxc3 9. bxc3 0-0 10. Ba3 Rd8 11. Rb1 Qa5 12. Qb3 Ne4 13. Nxc6 bxc6 14. Bb4 Qe5 15. Qc2 a5 16. f4 Qf6 17. Be7 Qxe7 18. Qxe4 Ba6 19. f5 d5 20. f6 Qxf6 21. Rxf6 dxe4 22. Rf2 Rab8 23. Rxb8 Rxb8 24. g4 Rb1+ 25. Bf1 Bxc4 26. Kg2 1-0